History Quiz

Random History Quiz

100 Famous H's Quiz Stats

 Plays Quiz not verified by Sporcle

Challenge
Share
Tweet
Embed
Score 0/100 Timer 18:00
0 Plays Today
Initials Name % Correct
HAHans Christian Andersen
84.2%
HFHenry Ford
77.9%
HBHalle Berry
76.8%
HHHerbert Hoover
74.7%
HHHarry Houdini
74.7%
HKHelen Keller
72.6%
HHHugh Hefner
71.6%
HJHugh Jackman
71.6%
HHHelen Hunt
69.5%
HTHarry S Truman
69.5%
HGHugh Grant
68.4%
HHHoward Hughes
66.3%
HAHank Aaron
65.3%
HLHuey Lewis
65.3%
HMHerman Melville
65.3%
HCHillary Clinton
64.2%
HFHarrison Ford
63.2%
HBHumphrey Bogart
61.2%
HLHeath Ledger
60%
HKHenry Kissinger
60%
HLHarper Lee
59.7%
HWHenry Winkler
58.9%
HDHillary Duff
57.9%
HLHugh Laurie
57.9%
HHHenry Hudson
56.8%
HMHelen Mirren
56.8%
HNHoratio Nelson
56.8%
HFHenry Fonda
56.7%
HSHoward Stern
53.7%
HCHernan Cortez
52.6%
HTHarriet Tubman
52.6%
HAHerb Albert
51.6%
HCHugo Chavez
51.6%
HJHoward Johnson
51.6%
Initials Name % Correct
HcMHo Chi Minh
50.7%
HS Harriet Beecher Stowe
50.5%
HCHoward Cosell
49.5%
HIHenrik Ibsen
49.5%
HCHelena Bonham Carter
47.4%
HHHubert Humphrey
45.3%
HTHenry David Thoreau
45.3%
HWHiram 'Hank' Williams
45.3%
HMHenry Mancini
44.2%
HLHuey Long
43.2%
HGHeather Graham
41.1%
HBHarry Belafonte
41.1%
HMHenri Matisse
41.1%
HOHakeem Olajuwon
40%
HLHeather Locklear
38.9%
HSHaile Selassie I
38.9%
HHHolly Hunter
37.9%
HKHelmut Kohl
37.3%
HBHerb Brooks
36.8%
HDHoward Dean
36.8%
HRHarry Reid
36.8%
HDHernando De Soto
35.8%
HCHenry Clay
35.8%
HKHarvey Keitel
35.8%
HHHelen Hayes
33.7%
HLHenry Wadsworth Longfellow
32.6%
HKHarvey Korman
32.6%
HSHank & Hal Steinbrenner
31.6%
HAHoratio Alger
30.5%
HCHerman Cain
30.5%
HGHank Greenberg
30.5%
HCHoward Carter
29.9%
HMHattie McDaniel
29.9%
HTHunter S. Thompson
28.4%
Initials Name % Correct
HHHedda Hopper
27.4%
HPHelen Prejean
27.4%
HZHans Zimmer
27.4%
HWHarold Wilson
26.3%
HHHoward Hawks
25.3%
HMHenry Morgan
24.2%
HTHelen Thomas
23.9%
HWHarvey Weinstein
23.2%
HSHannah Storm
22.1%
HBHaley Barbour
21.1%
HNHuey P. Newton
21.1%
HS Horatio Sanz
21.1%
HLHarold Lloyd
20.9%
HKHoward Keel
17.9%
HBHenry Bessemer
17.9%
HHHerbie Hancock
16.8%
HBHector Berlioz
16.4%
HKHoda Kotb
15.8%
HBHans Blix
14.9%
HLHenry Cabot Lodge
14.7%
HBHenry Bibby
13.4%
HLHenry 'Lighthorse Harry' Lee III
13.4%
HTHolland Taylor
13.4%
HCHoagy Carmichael
12.6%
HPHarvey Pekar
12.6%
HPHenry Paulson
12.6%
HHHal Holbrook
11.9%
HRHarold Russell
10.5%
HSHilda Solis
8.4%
HSHerbert Stempel
8.4%
HCHarry Cohn
7.4%
HCHenry Cavendish
7.4%

You're not logged in!

Compare scores with friends on all Sporcle quizzes.
OR
Log In

You Might Also Like...

Show Comments

Extras

Created Dec 23, 2012ReportNominate

Top Quizzes Today


Score Distribution

Your Account Isn't Verified!

In order to create a playlist on Sporcle, you need to verify the email address you used during registration. Go to your Sporcle Settings to finish the process.

Report this User

Report this user for behavior that violates our Community Guidelines.

Details: